All Incorporated Municipalities of Nassau County, New York - Statistics

General Stats
  • This quiz has been taken 20 times
  • The average score is 21 of 69
Answer Stats
Answer % Correct
Hempstead
93%
Hempstead
93%
Oyster Bay
93%
Long Beach
80%
Glen Cove
73%
North Hempstead
73%
Garden City
60%
Freeport
53%
Great Neck
53%
Mineola
47%
Roslyn
47%
Kings Point
40%
New Hyde Park
40%
Roslyn Harbor
40%
Westbury
40%
Bayville
33%
Brookville
33%
Great Neck Estates
33%
Lattingtown
33%
Malverne
33%
Manorhaven
33%
Massapequa Park
33%
Muttontown
33%
Old Brookville
33%
Rockville Centre
33%
Sands Point
33%
Valley Stream
33%
Atlantic Beach
27%
Centre Island
27%
East Williston
27%
Great Neck Plaza
27%
Lynbrook
27%
Old Westbury
27%
Sea Cliff
27%
Upper Brookville
27%
Williston Park
27%
Cedarhurst
20%
Cove Neck
20%
East Hills
20%
Farmingdale
20%
Floral Park
20%
Hewlett Harbor
20%
Island Park
20%
Kensington
20%
Lake Success
20%
Lawrence
20%
Matinecock
20%
Mill Neck
20%
Plandome
20%
Port Washington North
20%
Roslyn Estates
20%
Russell Gardens
20%
Saddle Rock
20%
South Floral Park
20%
Stewart Manor
20%
Thomaston
20%
Baxter Estates
13%
Bellerose
13%
East Rockaway
13%
Flower Hill
13%
Hewlett Bay Park
13%
Hewlett Neck
13%
Laurel Hollow
13%
Munsey Park
13%
North Hills
13%
Oyster Bay Cove
13%
Plandome Heights
13%
Plandome Manor
13%
Woodsburgh
13%
No matching quizzes found
Score Distribution
Percent of People with Each Score
Percentile by Number Answered
Your Score History
You have not taken this quiz